India & Germany: (Record no. 206152)
[ view plain ]
| 000 -LEADER | |
|---|---|
| fixed length control field | 00584nam a2200181 4500 |
| 005 - DATE AND TIME OF LATEST TRANSACTION | |
| control field | 20241007165928.0 |
| 010 ## - LCCN (DPL NO) | |
| LC control number | ENG-141946-47 |
| 020 ## - INTERNATIONAL STANDARD BOOK NUMBER | |
| International Standard Book Number | 9788129138583 |
| Terms of availability | 1600.00 |
| 035 ## - SYSTEM CONTROL NUMBER | |
| System control number | EN-125478-49 |
| 037 ## - SOURCE OF ACQUISITION | |
| Source of stock number/acquisition | DBAD |
| 082 ## - DEWEY DECIMAL CLASSIFICATION NUMBER | |
| Classification number | 327.54043 |
| Edition number | 1 |
| 245 ## - TITLE STATEMENT | |
| Title | India & Germany: |
| Remainder of title | Dynamic Partnership/ |
| Statement of responsibility, etc | By Confederation of Indian Industry |
| 250 ## - EDITION STATEMENT | |
| Edition statement | 1 |
| 260 ## - PUBLICATION, DISTRIBUTION, ETC. (IMPRINT) | |
| Place of publication, distribution, etc | New Delhi |
| Name of publisher, distributor, etc | Rupa Publications India Pvt. Ltd. |
| Date of publication, distribution, etc | 2015 |
| 270 ## - ADDRESS | |
| Address | 7/16,Ansari Road, Daryaganj |
| City | New Delhi |
| Postal code | 110002 |
| 300 ## - PHYSICAL DESCRIPTION | |
| Extent | 92p. |
| Other physical details | Index,Col. Ill. |
| Dimensions | 30cm(hbk) |
| 942 ## - ADDED ENTRY ELEMENTS (KOHA) | |
| Source of classification or shelving scheme | Dewey Decimal Classification |
| Item type | English Books |
| Classification part | 327.54043 |
| Call number suffix | IND |
| Withdrawn status | Lost status | Not for loan | Collection code | Home library | Current library | Date acquired | Source of acquisition | Cost, normal purchase price | Full call number | Barcode | Copy number | Cost, replacement price | Koha item type |
|---|---|---|---|---|---|---|---|---|---|---|---|---|---|
| Not For Loan | Non-fiction | Central Library | Central Library | 07/10/2024 | Delivery of Books Act Division | 1600.00 | 327.54043 IND | EN-125478 | 1 | 1600.00 | English Books | ||
| Non-fiction | Central Library | Central Library | 07/10/2024 | Delivery of Books Act Division | 1600.00 | 327.54043 IND | EN-125479 | 1 | 1600.00 | English Books |
